| 000 | 00629nam a22001937a 4500 | ||
|---|---|---|---|
| 999 |
_c14024 _d14024 |
||
| 003 | AR-CdUCM | ||
| 008 | 190411b ||||| |||| 00| 0 spa d | ||
| 020 | _a978-607-618-586-5 | ||
| 040 |
_aMUNICIPALIDAD PROVINCIAL DEL CUSCO _cBIBLIOTECA MUNICIPAL DEL CUSCO |
||
| 082 |
_aPI / 808.899 / _bD82 |
||
| 110 |
_aPhidal Publishing, Inc. _932623 |
||
| 245 |
_aDisney Princesa, Palace Pets : _bDulces Sueños, Beauty / |
||
| 260 |
_aMéxico : _bSilver Dolphin ; _c2015. |
||
| 300 | _bIlustraciones | ||
| 440 |
_aMi Pequeña Biblioteca _932633 |
||
| 650 |
_aCuento infantil _93319 |
||
| 942 |
_2ddc _cLIBROS |
||
| 945 |
_anom _d2019-04-17 |
||